Holiday Quiz

Random Holiday or Typing Quiz

Typing Challenge: 100 Kwanzaa Words Quiz Stats

 Plays Quiz not verified by Sporcle

Score 0/100 Timer 03:00
0 Plays Today
What to type ↓ Type here! ↓ % Correct
????
100%
????
96%
????
95.1%
????
94.5%
????
94.2%
????
93.1%
????
92.2%
????
91.2%
????
90.9%
????
90.6%
????
89.9%
????
89.9%
????
89.9%
????
89.6%
????
89.5%
????
89.2%
????
89.1%
????
88.8%
????
88.7%
????
88.7%
????
88.6%
????
88.5%
????
88.2%
????
88.2%
????
88.2%
????
87.7%
????
87.6%
????
87.4%
????
87.3%
????
87.2%
????
87.2%
????
87.1%
????
86.9%
????
86.9%
What to type ↓ Type here! ↓ % Correct
????
86.9%
????
86.9%
????
86.9%
????
86.8%
????
86.8%
????
86.7%
????
86.5%
????
86.4%
????
86.3%
????
86.3%
????
86.2%
????
86.2%
????
86.2%
????
86%
????
85.6%
????
85.6%
????
85.5%
????
85.1%
????
85.1%
????
84.7%
????
84.4%
????
84.1%
????
83.8%
????
83.8%
????
83.8%
????
83.7%
????
83.6%
????
83.3%
????
82.8%
????
82.7%
????
82.6%
????
82.2%
????
81.9%
????
81.5%
What to type ↓ Type here! ↓ % Correct
????
81.5%
????
81%
????
80.8%
????
80.8%
????
80.4%
????
80.3%
????
79.6%
????
78.8%
????
77.7%
????
76.9%
????
76.2%
????
75.5%
????
74.4%
????
72.9%
????
71%
????
69.4%
????
67.9%
????
66.2%
????
65.4%
????
63.8%
????
62.1%
????
60.5%
????
57.6%
????
54.4%
????
52.1%
????
49.6%
????
45.5%
????
40.9%
????
37.2%
????
34%
????
28.7%
????
26.2%

You're not logged in!

Compare scores with friends on all Sporcle quizzes.
Join for Free
OR
Log In

You Might Also Like...

Show Comments

Extras

Top Quizzes Today


Score Distribution

Your Account Isn't Verified!

In order to create a playlist on Sporcle, you need to verify the email address you used during registration. Go to your Sporcle Settings to finish the process.

Report this User

Report this user for behavior that violates our Community Guidelines.

Details: